000 00653nam a2200217Ii 4500
003 JO-AjNU
008 230606s9999||||xx |||||||||||||| ||und||
020 _a0-273-03464-2
040 _aJO-AjNU
_beng
_erda
_cJO-AjNU
041 _aeng
050 1 4 _aHG173 1992
100 3 _aBromwich,Michael,
_eauthor
_93050
245 0 0 _aFinancial reporting , information and capital markets
250 _a1 ed
264 3 1 _aLondon: Pitman,1992
300 _a376p
_b Includes Bibliography indexes(p357-376)
336 _atext
_btxt
_2rdacontent
337 _aunmediated
_bn
_2rdamedia
338 _avolume
_bnc
_2rdacarrier
650 4 _aFinancial Reporting
_93051
999 _aE1600
_c1600
_d1600